000
00336 a2200145 4500
001
50221
020
_a
8586390496
040
_c
Anchieta - Bela Vista
100
_a
Furtado, Paula
240
1
0
_a
Fifa a vaquinha fantástica
_l
por
245
1
0
_a
Fifa a vaquinha fantástica
300
_a
16
650
4
_a
Literatura infantil
942
_c
BK
999
_c
50221
_d
50221